Państwa Afrykańskie. Dla Kolegi Ignacego. - Statystyki

Ogólne statystyki
  • Ten quiz został rozwiązany 582 razy
  • Średni wynik to 38 z 54
Statystyki odpowiedzi
% Poprawnych
Egipt
92%
Południowa Afryka
90%
Niger
88%
Algieria
87%
Nigeria
87%
Madagaskar
86%
Maroko
84%
Sudan
84%
Czad
83%
Angola
80%
Etiopia
80%
Kenia
80%
Kongo
80%
Somalia
80%
Sudan Południowy
80%
Tunezja
80%
Libia
79%
Wybrzeże Kości Słoniowej
79%
Gwinea
78%
Senegal
77%
Zambia
77%
Zimbabwe
76%
Mali
75%
Erytrea
72%
Ghana
72%
Gwinea Równikowa
71%
Tanzania
71%
Togo
70%
Uganda
70%
Demokratyczna Republika Konga
68%
Mauretania
68%
Kamerun
67%
Mozambik
67%
Rwanda
67%
Botswana
66%
Lesotho
66%
Republika Środkowoafrykańska
66%
Gabon
65%
Seszele
65%
Gwinea Bissau
63%
Liberia
63%
Namibia
62%
Benin
61%
Burkina Faso
61%
Dżibuti
61%
Gambia
61%
Wyspy Świętego Tomasza i Książęca
59%
Mauritius
57%
Burundi
56%
Sierra Leone
56%
Komory
54%
Eswatini
52%
Malawi
52%
Republika Zielonego Przylądka
52%
Nie znaleziono quizów pasujących do podanych kryteriów
Rozkład punktacji
Procent ludzi z każdym wynikiem
Percentyl według liczby udzielonych odpowiedzi
Twoja historia wyników
Nie rozwiązałeś tego quizu